00634nam a2200157 i 4500001000300000245018500003260001900188700001700207700001500224700001600239740006600255040000800321041000800329008004100337856009800378bg 0aProgress in nuclear physics.nVol. 12.nP. 1,pK Meson leptonic decay /cby P. B. Jones. The anomalous magnetic moment of the muon and related topics / by J. Bailey and E. Picasso. aOxford,c1970.1 aJones, P. B.1 aBailey, J.1 aPicasso, E.42aThe |anomalous magnetic moment of the muon and related topics cBPK apol s pl f |000 0 pol  uhttp://koha.tu.koszalin.pl/cgi-bin/koha/opac-detail.pl?biblionumber=14043yKatalog online BPK